01708cam a22004934i 4500003000900000005001700009008004100026020001500067035002700082040003300109082001900142100004000161245007200201264005800273300003800331336002100369337002500390338002300415504002800438505050400466526001000970526001000980526001000990526001001000526001001010526000901020526000901029526000901038526000901047526000901056526000901065526000901074526000901083526000901092526000901101526000801110526000801118526000801126526000801134526000801142526000801150650003601158650002001194PE-LiUPU20250731170430.0150623s r 000 0 d a0133850633 a(Sirsi) i9780133850635 aPE-LiUPUbspacPE-LiUPUerda04a174.2bG252211 aGarrett, Thomas M.,d1924-,eautor.10aHealth care ethics :bprinciples and problems /cThomas M. Garrett. 1aEnglewood Cliffs, New Jersey :bPrentice Hall,c1989. a271 páginas ;c28 centímetros atext2rdacontent aunmediated2rdamedia avolume2rdacarrier aIncluye bibliografía.0 aPrinciples of health care ethics: Professional ethics and health care ethics. Principles of autonomy and informed consent. Principles of beneficence and nonmaleficence. Principles of distribution. Principles of confidentiality and truthfulness.- Problems of health care ethics: ethical problems of death and dying. Abortion. New methods of reproduction. The ethics of transplants. The ethics of testing and screening. Enforcing standards in the health professions. The ethics of biomedical research. aSEG68 aSEG70 aSEG69 aSEG67 aSEG43 aP144 aP143 aP131 aP122 aP120 aP117 aP112 aP110 aP106 aP101 aP80 aP59 aP54 aP35 aP33 aP3004aEtica medicaxEstudio de casos.04aEtica médica.